[Event "Markham op"]
[Site "Markham CAN"]
[Date "2018.10.06"]
[Round "3"]
[White "Yang, Kaiqi"]
[Black "Hua, Eugene"]
[Result "1-0"]
[WhiteElo "2476"]
[BlackElo "2428"]
[PlyCount "161"]
[EventDate "2018.10.05"]
[EventType "swiss"]
[EventRounds "5"]
[EventCountry "CAN"]

1. Nf3 c5 2. c4 Nc6 3. Nc3 e5 4. e3 Nf6 5. d4 e4 6. Ne5 g6 7. Be2 Bg7 8. Nxc6
dxc6 9. dxc5 Qxd1+ 10. Kxd1 a5 11. Bd2 O-O 12. Kc2 Re8 13. Na4 Bg4 14. Rae1
Bxe2 15. Rxe2 Nd7 16. Rd1 Bf8 17. Nb6 Nxb6 18. cxb6 Red8 19. Bc3 Rxd1 20. Kxd1
Rd8+ 21. Rd2 Rxd2+ 22. Kxd2 a4 23. Be5 f5 24. Kc3 Kf7 25. b3 Ke6 26. Bh8 axb3
27. Kxb3 Bc5 28. Bd4 Bd6 29. h3 c5 30. Bg7 Kd7 31. a4 Kc6 32. a5 h5 33. Bh6 Be7
34. Kc2 g5 35. Kd2 g4 36. Bg7 Bd6 37. Ke2 Be7 38. Be5 Bg5 39. hxg4 hxg4 40. f3
Bh4 41. fxe4 fxe4 42. Bc3 Bg3 43. Bf6 Kd7 44. Bg5 Kc6 45. Bf6 Kd7 46. Kf1 Kc6
47. Bg7 Bh4 48. Be5 Bg5 49. Kf2 Bh4+ 50. Ke2 Bg5 51. Bg7 Bh4 52. Bc3 Bg5 53.
Be1 Bf6 54. Kd2 Be5 55. Bh4 Bd6 56. Ke2 Be5 57. Kf2 Bd6 58. Bg5 g3+ 59. Ke2 Be5
60. Kd2 Bb2 61. Bf4 Ba3 62. Bxg3 Bb4+ 63. Kc2 Bxa5 64. Bc7 Be1 65. g3 Kd7 66.
g4 Ke6 67. Kd1 Ba5 68. Ke2 Kf6 69. Kf2 Kg5 70. Kg3 Be1+ 71. Kh3 Bd2 72. Bf4+
Kg6 73. Kg3 Be1+ 74. Kg2 Ba5 75. Bd6 Kg5 76. Kg3 Be1+ 77. Kh3 Bb4 78. Be7+ Kg6
79. Kg3 Kf7 80. Bd8 Ke8 81. Bc7 1-0

[Event "Markham op"]
[Site "Markham CAN"]
[Date "2018.10.07"]
[Round "5"]
[White "Yang, Kaiqi"]
[Black "Song, Michael"]
[Result "0-1"]
[WhiteElo "2476"]
[BlackElo "2539"]
[PlyCount "60"]
[EventDate "2018.10.05"]
[EventType "swiss"]
[EventRounds "5"]
[EventCountry "CAN"]

1. Nf3 f5 2. d3 Nf6 3. e4 d6 4. exf5 Bxf5 5. d4 Qd7 6. Nc3 Nc6 7. Bb5 a6 8. Ba4
b5 9. Bb3 Na5 10. d5 c5 11. dxc6 Qxc6 12. O-O Nxb3 13. axb3 e5 14. Bg5 Be7 15.
Bxf6 Bxf6 16. Qd5 Qxd5 17. Nxd5 Bxc2 18. Nc7+ Kd7 19. Nxa8 Rxa8 20. Rfc1 Bxb3
21. Ra3 Bc4 22. Nd2 d5 23. b3 Bd3 24. b4 e4 25. Rd1 Be7 26. Nf3 Bxb4 27. Rb3
Bc2 28. Rxd5+ Kc6 29. Rxb4 Kxd5 30. Nd4 a5 0-1

[Event "CAN-op"]
[Site "Quebec CAN"]
[Date "2018.07.07"]
[Round "1.2"]
[White "Yang, Kaiqi"]
[Black "Saha, Ananda"]
[Result "1-0"]
[WhiteElo "2455"]
[BlackElo "1950"]
[PlyCount "107"]
[EventDate "2018.07.07"]
[EventType "swiss"]
[EventRounds "9"]
[EventCountry "CAN"]

1. Nf3 d5 2. e3 Nf6 3. c4 e6 4. b3 Be7 5. Bb2 c6 6. Nc3 O-O 7. Qc2 Nbd7 8. d4
a5 9. Bd3 Re8 10. O-O Bd6 11. e4 dxc4 12. bxc4 e5 13. c5 Bc7 14. Na4 exd4 15.
Bxd4 Nf8 16. Bb2 Bg4 17. Nd2 Ng6 18. Rfe1 Qe7 19. Nc4 Nd7 20. Qc3 Nde5 21. Re3
f6 22. Bf1 Be6 23. g3 Nxc4 24. Bxc4 Ne5 25. Bxe6+ Qxe6 26. Qb3 Nc4 27. Re2 Nxb2
28. Nxb2 Qxb3 29. axb3 Be5 30. Ra4 Bxb2 31. Rxb2 Re5 32. Rc2 Rd8 33. Rc3 Rd1+
34. Kg2 Re1 35. f3 Re2+ 36. Kh3 Rh5+ 37. Kg4 Rg5+ 38. Kf4 Rxh2 39. Rxa5 Re5 40.
Rd3 g5+ 41. Ke3 Re7 42. Ra8+ Kg7 43. g4 Rc2 44. b4 Rb2 45. Rd4 Rf7 46. Re8 Kh6
47. Rg8 Rh2 48. Rd6 Rh1 49. Kf2 Rh2+ 50. Ke3 Rh1 51. Kf2 Rh2+ 52. Kg3 Rh1 53.
e5 Rg7 54. Rxf6+ 1-0

[Event "CAN-op"]
[Site "Quebec CAN"]
[Date "2018.07.08"]
[Round "2.2"]
[White "Manley, Jason"]
[Black "Yang, Kaiqi"]
[Result "0-1"]
[WhiteElo "2051"]
[BlackElo "2455"]
[PlyCount "146"]
[EventDate "2018.07.07"]
[EventType "swiss"]
[EventRounds "9"]
[EventCountry "CAN"]

1. e4 c5 2. c3 d6 3. d4 Nf6 4. Bd3 g6 5. Ne2 Nc6 6. O-O cxd4 7. cxd4 Bg7 8.
Nbc3 O-O 9. h3 e5 10. d5 Nb4 11. Bb1 Nh5 12. a3 Na6 13. Be3 Bd7 14. b4 Nf4 15.
Qd2 Qh4 16. f3 Nxg2 17. Kxg2 Bxh3+ 18. Kg1 Bxf1 19. Kxf1 Qh3+ 20. Kf2 f5 21.
Ng1 Qh4+ 22. Kf1 Rac8 23. Bxa7 Bh6 24. Qb2 Bf4 25. Bf2 Bg3 26. Bxg3 Qxg3 27.
Nb5 Qf4 28. Ba2 Rf6 29. Nc3 fxe4 30. Re1 exf3 31. Ne4 Rff8 32. Bb3 f2 33. Nxf2
Rc3 34. Bd1 Nc7 35. Re4 Qxe4 36. Qxc3 Nxd5 37. Bb3 Kh8 38. Bxd5 Qxd5 39. Ngh3
b5 40. Qe3 Qf3 41. Qxf3 Rxf3 42. Ng5 Rxa3 43. Nf7+ Kg7 44. Nxd6 Rb3 45. Nxb5
Rxb4 46. Nc3 g5 47. Kg2 h5 48. Ne2 Ra4 49. Nd3 Kf6 50. Nc3 Rd4 51. Nf2 h4 52.
Ncd1 g4 53. Ne3 Kg5 54. Nf1 Rf4 55. Nd2 Kf5 56. Nf1 h3+ 57. Kg1 h2+ 58. Kg2 e4
59. Nxh2 e3 60. Nh1 Ke4 61. Nf1 Kd3 62. Nhg3 Rf2+ 63. Kg1 Rb2 64. Kh1 e2 65.
Nxe2 Rxe2 66. Ng3 Ra2 67. Kg1 Ke3 68. Nf5+ Kf4 69. Nh4 Kg3 70. Nf5+ Kh3 71. Ne3
g3 72. Kf1 g2+ 73. Kg1 Ra1+ 0-1

[Event "CAN-op"]
[Site "Quebec CAN"]
[Date "2018.07.09"]
[Round "4.3"]
[White "Yang, Kaiqi"]
[Black "Ouellet, Maili-Jade"]
[Result "1-0"]
[WhiteElo "2455"]
[BlackElo "2197"]
[PlyCount "193"]
[EventDate "2018.07.07"]
[EventType "swiss"]
[EventRounds "9"]
[EventCountry "CAN"]

1. e4 c5 2. Nf3 e6 3. g3 Nc6 4. Bg2 g6 5. d4 cxd4 6. Nxd4 a6 7. Nc3 Bg7 8. Nb3
Nge7 9. O-O O-O 10. a4 b6 11. Bf4 h6 12. Bd6 Ra7 13. Qe2 f5 14. Rad1 Rf7 15. f4
Bb7 16. Rd2 Nc8 17. Ba3 Bf6 18. Kh1 Rg7 19. Rfd1 Qe8 20. Bf3 Nd8 21. Nd4 h5 22.
e5 Bxf3+ 23. Nxf3 Be7 24. Bxe7 Nxe7 25. Qe3 Rb7 26. Qd3 Ra7 27. Qd4 Nc8 28. Qc4
Nc6 29. b4 N8e7 30. Kg1 Qc8 31. b5 Rc7 32. bxc6 Rxc6 33. Qb4 Rxc3 34. Rxd7 Nd5
35. R1xd5 exd5 36. Rxg7+ Kxg7 37. Qe7+ Kg8 38. Kg2 Rxc2+ 39. Kh3 Qf8 40. Qe6+
Qf7 41. Qxb6 Kg7 42. Qxa6 h4 43. Ng5 Qe7 44. Qd3 Ra2 45. Qxd5 Rxa4 46. e6 Kg8
47. Kxh4 Ra6 48. Kh3 Rd6 49. Qc5 Kg7 50. Qe5+ Kg8 51. Qc3 Rb6 52. Qc8+ Kg7 53.
Qd7 Rb7 54. Qd4+ Qf6 55. Qd5 Rc7 56. Qd6 Rb7 57. Qc6 Re7 58. Qb6 Qf8 59. Nf7
Kg8 60. Kh4 Qe8 61. Ng5 Qf8 62. Kh3 Qh6+ 63. Kg2 Qf8 64. h4 Qa8+ 65. Kh2 Qe8
66. Qa6 Qf8 67. Kh3 Qf6 68. Qb6 Kg7 69. Qd6 Re8 70. Qd5 Re7 71. Qd8 Qf8 72.
Qd4+ Qf6 73. Qd5 Re8 74. Qb7+ Re7 75. Qb4 Re8 76. Qc4 Re7 77. Qd5 Re8 78. Qd7+
Re7 79. Qd8 Qf8 80. Qd1 Qf6 81. h5 gxh5 82. Kh4 Rxe6 83. Qd7+ Re7 84. Qd1 Ra7
85. Kh3 Re7 86. Qf3 Qa1 87. Qd5 Qf1+ 88. Kh4 Qb1 89. Qd4+ Re5 90. Qxe5+ Kf8 91.
Qd6+ Ke8 92. Qc6+ Kd8 93. Kxh5 Qd1+ 94. Kg6 Qd3 95. Nf7+ Ke7 96. Qf6+ Ke8 97.
Qd8+ 1-0

[Event "CAN-op"]
[Site "Quebec CAN"]
[Date "2018.07.10"]
[Round "5.2"]
[White "Mulyar, Michael"]
[Black "Yang, Kaiqi"]
[Result "1/2-1/2"]
[WhiteElo "2385"]
[BlackElo "2455"]
[PlyCount "70"]
[EventDate "2018.07.07"]
[EventType "swiss"]
[EventRounds "9"]
[EventCountry "CAN"]

1. d4 Nf6 2. Nf3 e6 3. c4 b6 4. g3 Bb7 5. Bg2 Be7 6. O-O O-O 7. Re1 Na6 8. Nc3
Ne4 9. Nxe4 Bxe4 10. Ne5 Bxg2 11. Kxg2 Bf6 12. Ng4 c5 13. d5 exd5 14. cxd5 d6
15. Nxf6+ Qxf6 16. e4 Rfe8 17. Bf4 b5 18. b3 h6 19. Qh5 Nb4 20. e5 dxe5 21.
Bxe5 Qd8 22. Rad1 Qd7 23. d6 c4 24. bxc4 bxc4 25. Bc3 Nxa2 26. Rxe8+ Rxe8 27.
Ba5 c3 28. Qc5 Rc8 29. Bc7 a5 30. Qc4 Nb4 31. Qxc3 Na6 32. Rc1 Nxc7 33. dxc7 a4
34. Qa5 a3 35. Qxa3 Rxc7 1/2-1/2

[Event "CAN-op"]
[Site "Quebec CAN"]
[Date "2018.07.12"]
[Round "7.1"]
[White "Bitan, Banerjee"]
[Black "Yang, Kaiqi"]
[Result "1-0"]
[WhiteElo "2398"]
[BlackElo "2455"]
[PlyCount "75"]
[EventDate "2018.07.07"]
[EventType "swiss"]
[EventRounds "9"]
[EventCountry "CAN"]

1. d4 Nf6 2. c4 e6 3. Nf3 b6 4. g3 Ba6 5. Qc2 Bb4+ 6. Bd2 Be7 7. e4 d6 8. Bg2
d5 9. exd5 exd5 10. Ne5 O-O 11. O-O c6 12. Re1 h6 13. cxd5 cxd5 14. Nc3 Bb7 15.
Rad1 Na6 16. Bf4 Bb4 17. Bh3 Ne4 18. f3 Ng5 19. Bf5 Nc7 20. h4 Nge6 21. Be3 Qd6
22. Kg2 Rac8 23. Qd2 Rcd8 24. Bb1 Rfe8 25. Bxh6 Bxc3 26. bxc3 Nxd4 27. Bxg7
Nxf3 28. Kxf3 Kxg7 29. Qg5+ Kf8 30. Bh7 d4+ 31. Kf2 Rxe5 32. Rxe5 Ne6 33. Rxe6
Qxe6 34. Qxd8+ Kg7 35. Qg8+ Kh6 36. Rxd4 Qxa2+ 37. Ke3 Qa1 38. Rd6+ 1-0

[Event "CAN-op"]
[Site "Quebec CAN"]
[Date "2018.07.13"]
[Round "8.4"]
[White "Yang, Kaiqi"]
[Black "Doknjas, John"]
[Result "1-0"]
[WhiteElo "2455"]
[BlackElo "2206"]
[PlyCount "117"]
[EventDate "2018.07.07"]
[EventType "swiss"]
[EventRounds "9"]
[EventCountry "CAN"]

1. Nf3 c5 2. c4 Nf6 3. Nc3 b6 4. e4 d6 5. d4 cxd4 6. Nxd4 Bb7 7. Bd3 Nbd7 8.
O-O e6 9. a4 Nc5 10. b4 Nxd3 11. Qxd3 Be7 12. a5 bxa5 13. Rxa5 O-O 14. Be3 Ng4
15. Rfa1 Nxe3 16. Qxe3 Qb6 17. Ncb5 a6 18. Nf5 Bd8 19. Ne7+ Kh8 20. c5 dxc5 21.
bxc5 Qxa5 22. Rxa5 Bxa5 23. Nd6 Bd8 24. Nxb7 Bxe7 25. Qc3 Bd8 26. Qa3 Bc7 27.
g3 a5 28. Qa4 e5 29. Kg2 Rfb8 30. c6 h6 31. Kf3 Re8 32. Kg4 Kh7 33. h4 Re6 34.
Nc5 Rg6+ 35. Kh3 Rc8 36. Nd7 Re6 37. Qb5 Ree8 38. h5 Ra8 39. Qa4 Re6 40. Kg4
Rc8 41. Qb5 Ree8 42. f4 Ra8 43. Qa4 Rec8 44. Kf5 Re8 45. Kg4 Kg8 46. Kf3 Ra6
47. f5 Rc8 48. Qc4 Rca8 49. Nc5 Rb6 50. Kg4 Rb4 51. Qc3 Bd6 52. f6 Rc8 53. Nd7
a4 54. fxg7 a3 55. Qd2 a2 56. Qxh6 f5+ 57. Kxf5 a1=Q 58. Qe6+ Kxg7 59. h6+ 1-0

[Event "CAN-op"]
[Site "Quebec CAN"]
[Date "2018.07.14"]
[Round "9.3"]
[White "Tomb, Maroun"]
[Black "Yang, Kaiqi"]
[Result "0-1"]
[WhiteElo "2152"]
[BlackElo "2455"]
[PlyCount "106"]
[EventDate "2018.07.07"]
[EventType "swiss"]
[EventRounds "9"]
[EventCountry "CAN"]

1. e4 g6 2. Nc3 Bg7 3. Nge2 d6 4. g3 c5 5. d4 cxd4 6. Nxd4 Nc6 7. Nde2 Nf6 8.
Bg2 O-O 9. O-O Rb8 10. a4 a6 11. Nd5 Nd7 12. c3 b5 13. axb5 axb5 14. Nd4 Nde5
15. Be3 Bd7 16. Nxc6 Bxc6 17. Bd4 Bxd5 18. exd5 b4 19. f4 Nd7 20. Bxg7 Kxg7 21.
Qd4+ Nf6 22. c4 Qb6 23. Qxb6 Rxb6 24. Ra7 b3 25. Bh3 Rb4 26. Rc1 Ne4 27. Rxe7
Nc5 28. Bf1 Ra8 29. Re2 Rba4 30. Ree1 Ra2 31. Rb1 Na4 32. Re2 Rc8 33. Rd2 Re8
34. Rd3 Nc5 35. Rdd1 h6 36. Kg2 g5 37. Kf3 Kf6 38. Rd2 Re7 39. Rf2 Ra8 40. Rd2
gxf4 41. Kxf4 Rae8 42. Rdd1 Re3 43. Kg4 Ne4 44. Kh3 Nf2+ 45. Kg2 Nxd1 46. Rxd1
Re1 47. Rd3 R8e3 48. Rd2 Rc1 49. Kf2 Ree1 50. Be2 Rh1 51. Rd3 Rxh2+ 52. Kf3 Rc2
53. Bd1 Rcd2 0-1

[Event "Third Saturday 75 GM"]
[Site "Novi Sad SRB"]
[Date "2018.04.10"]
[Round "1.1"]
[White "Yang, Kaiqi"]
[Black "Fenil, Shah"]
[Result "1-0"]
[WhiteElo "2465"]
[BlackElo "2376"]
[PlyCount "57"]
[EventDate "2018.04.10"]
[EventType "tourn"]
[EventRounds "9"]
[EventCountry "YUG"]
[EventCategory "7"]
[Source "ChessMix"]
[SourceDate "2018.05.01"]

1. c4 e6 2. Nf3 d5 3. e3 c6 4. b3 Nf6 5. Bb2 Bd6 6. Nc3 Nbd7 7. Qc2 a6 8. Be2
e5 9. cxd5 cxd5 10. g4 h6 11. Rg1 e4 12. Nd4 Ne5 13. d3 exd3 14. Bxd3 Bxg4 15.
h3 Nf3+ 16. Nxf3 Bxf3 17. Rxg7 Rc8 18. Bg6 Rc7 19. Qf5 d4 20. Qxf3 fxg6 21.
Rxc7 Bxc7 22. O-O-O Bb6 23. Qxb7 O-O 24. Na4 Qc7+ 25. Qxc7 Bxc7 26. Rxd4 Be5
27. Rc4 Bxb2+ 28. Nxb2 Nd5 29. Nd3 1-0

[Event "Third Saturday 75 GM"]
[Site "Novi Sad SRB"]
[Date "2018.04.11"]
[Round "2.5"]
[White "Yang, Kaiqi"]
[Black "Sai Agni Jeevitesh, J."]
[Result "1-0"]
[WhiteElo "2465"]
[BlackElo "2373"]
[PlyCount "79"]
[EventDate "2018.04.10"]
[EventType "tourn"]
[EventRounds "9"]
[EventCountry "YUG"]
[EventCategory "7"]
[Source "ChessMix"]
[SourceDate "2018.05.01"]

1. c4 e6 2. Nf3 Nf6 3. g3 d5 4. d4 Be7 5. Bg2 O-O 6. O-O c6 7. Qb3 Nbd7 8. Rd1
b6 9. Nc3 Bb7 10. Bf4 Nh5 11. Bd2 Nhf6 12. Rac1 Rc8 13. cxd5 cxd5 14. Nb5 a6
15. Rxc8 Bxc8 16. Nc3 Bd6 17. Rc1 Qe7 18. e4 dxe4 19. Ng5 b5 20. Ngxe4 Bb7 21.
Bg5 Bb8 22. Nxf6+ Nxf6 23. Bxf6 gxf6 24. Bxb7 Qxb7 25. d5 Qb6 26. a4 Ba7 27.
Rc2 b4 28. Ne4 Qd4 29. Rc4 Qe5 30. dxe6 f5 31. exf7+ Kg7 32. Ng5 Qe1+ 33. Kg2
Qxf2+ 34. Kh3 Qf1+ 35. Kh4 Qe2 36. Qc2 Qe7 37. Qxf5 Rh8 38. f8=Q+ Rxf8 39.
Qxh7+ Kf6 40. Rf4+ 1-0

[Event "Third Saturday 75 GM"]
[Site "Novi Sad SRB"]
[Date "2018.04.11"]
[Round "3.2"]
[White "Minko, Vladimir"]
[Black "Yang, Kaiqi"]
[Result "0-1"]
[WhiteElo "2381"]
[BlackElo "2465"]
[PlyCount "50"]
[EventDate "2018.04.10"]
[EventType "tourn"]
[EventRounds "9"]
[EventCountry "YUG"]
[EventCategory "7"]
[Source "ChessMix"]
[SourceDate "2018.05.01"]

1. d4 Nf6 2. c4 e6 3. g3 d5 4. Nf3 Bb4+ 5. Nbd2 dxc4 6. Bg2 b5 7. O-O a5 8. a4
c6 9. Qc2 Bb7 10. e4 Nbd7 11. e5 Nd5 12. Ne4 h6 13. Bd2 Be7 14. Rfd1 Qc7 15. h4
Nb4 16. Qb1 Nb6 17. Nc5 Bxc5 18. dxc5 Nxa4 19. Nd4 Nxc5 20. Rxa5 Qxa5 21. Nxc6
Qc7 22. Nxb4 Bxg2 23. Kxg2 O-O 24. Be3 Qxe5 25. Kg1 Rac8 0-1

[Event "Third Saturday 75 GM"]
[Site "Novi Sad SRB"]
[Date "2018.04.12"]
[Round "4.4"]
[White "Yang, Kaiqi"]
[Black "Krishna Teja, N."]
[Result "1/2-1/2"]
[WhiteElo "2465"]
[BlackElo "2368"]
[PlyCount "71"]
[EventDate "2018.04.10"]
[EventType "tourn"]
[EventRounds "9"]
[EventCountry "YUG"]
[EventCategory "7"]
[Source "ChessMix"]
[SourceDate "2018.05.01"]

1. Nf3 Nf6 2. c4 e6 3. g3 d5 4. Bg2 Be7 5. O-O O-O 6. d4 dxc4 7. Qc2 a6 8. a4
Bd7 9. Qxc4 Bc6 10. Bg5 h6 11. Bxf6 Bxf6 12. Nc3 Bxf3 13. Bxf3 c6 14. Rfd1 a5
15. Qb3 Na6 16. Qxb7 Nb4 17. Bxc6 Rb8 18. Qd7 Nc2 19. Qxd8 Rfxd8 20. Rab1 Rxd4
21. Bb5 Kf8 22. Rxd4 Nxd4 23. e3 Nb3 24. Ne4 Be7 25. Rd1 Nc5 26. Nc3 Rd8 27.
Rxd8+ Bxd8 28. f3 f5 29. Kf2 Bf6 30. h4 g5 31. hxg5 hxg5 32. Ke2 Be5 33. g4
fxg4 34. fxg4 Bxc3 35. bxc3 e5 36. Kf3 1/2-1/2

[Event "Third Saturday 75 GM"]
[Site "Novi Sad SRB"]
[Date "2018.04.12"]
[Round "5.3"]
[White "Franco Alonso, Alejandro"]
[Black "Yang, Kaiqi"]
[Result "1/2-1/2"]
[WhiteElo "2449"]
[BlackElo "2465"]
[PlyCount "41"]
[EventDate "2018.04.10"]
[EventType "tourn"]
[EventRounds "9"]
[EventCountry "YUG"]
[EventCategory "7"]
[Source "ChessMix"]
[SourceDate "2018.05.01"]

1. d4 Nf6 2. c4 e6 3. g3 d5 4. Nf3 Bb4+ 5. Bd2 Be7 6. Bg2 c6 7. Qc2 b6 8. O-O
Ba6 9. b3 Nbd7 10. a4 O-O 11. Rd1 c5 12. a5 Qc8 13. cxd5 exd5 14. Nc3 b5 15.
Ne1 Bb7 16. Nxb5 a6 17. Nc3 cxd4 18. Na4 Ne4 19. Bh3 f5 20. Rac1 Qe8 21. Nf3
1/2-1/2

[Event "Third Saturday 75 GM"]
[Site "Novi Sad SRB"]
[Date "2018.04.13"]
[Round "6.3"]
[White "Yang, Kaiqi"]
[Black "Jacimovic, Dragoljub"]
[Result "1/2-1/2"]
[WhiteElo "2465"]
[BlackElo "2391"]
[PlyCount "20"]
[EventDate "2018.04.10"]
[EventType "tourn"]
[EventRounds "9"]
[EventCountry "YUG"]
[EventCategory "7"]
[Source "ChessMix"]
[SourceDate "2018.05.01"]

1. d4 Nf6 2. c4 g6 3. Nc3 Bg7 4. e4 d6 5. Nf3 O-O 6. Be2 c6 7. O-O a6 8. a4 a5
9. h3 Na6 10. Be3 Nd7 1/2-1/2

[Event "Third Saturday 75 GM"]
[Site "Novi Sad SRB"]
[Date "2018.04.13"]
[Round "7.4"]
[White "Rossi, Aldo"]
[Black "Yang, Kaiqi"]
[Result "0-1"]
[WhiteElo "2295"]
[BlackElo "2465"]
[PlyCount "60"]
[EventDate "2018.04.10"]
[EventType "tourn"]
[EventRounds "9"]
[EventCountry "YUG"]
[EventCategory "7"]
[Source "ChessMix"]
[SourceDate "2018.05.01"]

1. e4 e5 2. Nf3 Nc6 3. Bb5 a6 4. Ba4 Nf6 5. Qe2 d6 6. O-O Be7 7. c3 b5 8. Bc2
O-O 9. h3 Bb7 10. d4 exd4 11. cxd4 Nb4 12. Re1 Re8 13. a3 Nxc2 14. Qxc2 c5 15.
d5 Nd7 16. Nc3 Bf6 17. Bf4 Qb6 18. Rac1 Re7 19. Nd2 Rae8 20. Be3 Bd4 21. Nd1
Nf6 22. Bxd4 cxd4 23. Rf1 h6 24. b4 Nxe4 25. Nxe4 Rxe4 26. Qc7 Qxc7 27. Rxc7
Bxd5 28. Nb2 Re2 29. Nd3 Rd2 30. Nf4 Bc4 0-1

[Event "Third Saturday 75 GM"]
[Site "Novi Sad SRB"]
[Date "2018.04.14"]
[Round "8.2"]
[White "Yang, Kaiqi"]
[Black "Drazic, Sinisa"]
[Result "1/2-1/2"]
[WhiteElo "2465"]
[BlackElo "2394"]
[PlyCount "26"]
[EventDate "2018.04.10"]
[EventType "tourn"]
[EventRounds "9"]
[EventCountry "YUG"]
[EventCategory "7"]
[Source "ChessMix"]
[SourceDate "2018.05.01"]

1. d4 Nf6 2. c4 e6 3. Nc3 Bb4 4. f3 d5 5. a3 Be7 6. e4 dxe4 7. fxe4 e5 8. d5
Bc5 9. Nf3 Bg4 10. h3 Bxf3 11. Qxf3 Nbd7 12. Bd3 c6 13. Bd2 a5 1/2-1/2

[Event "Third Saturday 75 GM"]
[Site "Novi Sad SRB"]
[Date "2018.04.15"]
[Round "9.5"]
[White "Dobrov, Vladimir"]
[Black "Yang, Kaiqi"]
[Result "0-1"]
[WhiteElo "2515"]
[BlackElo "2465"]
[PlyCount "56"]
[EventDate "2018.04.10"]
[EventType "tourn"]
[EventRounds "9"]
[EventCountry "YUG"]
[EventCategory "7"]
[Source "ChessMix"]
[SourceDate "2018.05.01"]

1. d4 Nf6 2. c4 e6 3. g3 d5 4. Bg2 dxc4 5. Nf3 Nc6 6. O-O Rb8 7. Nc3 b5 8. Ne5
Nxe5 9. dxe5 Nd7 10. Bc6 a6 11. Qd4 Bb7 12. Bxb7 Rxb7 13. Rd1 c5 14. Qg4 Qc7
15. Bf4 Qc6 16. e4 h5 17. Qf3 Be7 18. h4 b4 19. Nd5 exd5 20. exd5 Qc8 21. Re1
O-O 22. Qxh5 Nb6 23. Rad1 c3 24. bxc3 bxc3 25. e6 Bf6 26. Rd3 c2 27. Rf3 fxe6
28. dxe6 Re7 0-1

[Event "Third Saturday 66 GM"]
[Site "Novi Sad SRB"]
[Date "2018.02.11"]
[Round "1.5"]
[White "Markovic, Miroslav"]
[Black "Yang, Kaiqi"]
[Result "0-1"]
[WhiteElo "2441"]
[BlackElo "2430"]
[PlyCount "34"]
[EventDate "2018.02.11"]
[EventType "tourn"]
[EventRounds "9"]
[EventCountry "YUG"]
[EventCategory "6"]
[Source "ChessMix"]
[SourceDate "2018.03.10"]

1. e4 e5 2. Nf3 Nc6 3. Nc3 Nf6 4. Bb5 Nd4 5. Bc4 Bc5 6. d3 d6 7. Bg5 Bg4 8. Nd5
c6 9. Nxf6+ gxf6 10. Bh4 d5 11. Bb3 dxe4 12. Bxf7+ Kxf7 13. Nxe5+ fxe5 14. Qxg4
Nxc2+ 15. Kf1 Qxd3+ 16. Kg1 Nd4 17. Re1 Nf3+ 0-1

[Event "Third Saturday 66 GM"]
[Site "Novi Sad SRB"]
[Date "2018.02.12"]
[Round "2.1"]
[White "Abramovic, Bosko"]
[Black "Yang, Kaiqi"]
[Result "1/2-1/2"]
[WhiteElo "2401"]
[BlackElo "2430"]
[PlyCount "72"]
[EventDate "2018.02.11"]
[EventType "tourn"]
[EventRounds "9"]
[EventCountry "YUG"]
[EventCategory "6"]
[Source "ChessMix"]
[SourceDate "2018.03.10"]

1. d4 Nf6 2. g3 g6 3. Bg2 Bg7 4. e4 d6 5. Nc3 O-O 6. Nge2 Nc6 7. h3 e5 8. Be3
Bd7 9. O-O Qc8 10. Kh2 h5 11. d5 Ne7 12. f4 Nh7 13. Qd2 b5 14. fxe5 Bxe5 15.
Bd4 b4 16. Nd1 Bb5 17. Bxe5 dxe5 18. Ne3 Qa6 19. Rf2 Bxe2 20. Rxe2 Rab8 21. Rf2
Nc8 22. h4 Nd6 23. c4 Qb6 24. b3 f5 25. exf5 Nf6 26. Re2 gxf5 27. Bh3 Nde4 28.
Qc2 f4 29. gxf4 exf4 30. Nf5 Rbe8 31. Rae1 f3 32. Rxe4 Nxe4 33. Rxe4 Rxe4 34.
Qxe4 Rxf5 35. Qxf5 Qf2+ 36. Kh1 Qe1+ 1/2-1/2

[Event "Third Saturday 66 GM"]
[Site "Novi Sad SRB"]
[Date "2018.02.12"]
[Round "3.5"]
[White "Yang, Kaiqi"]
[Black "Stankovic, Milos"]
[Result "0-1"]
[WhiteElo "2430"]
[BlackElo "2409"]
[PlyCount "136"]
[EventDate "2018.02.11"]
[EventType "tourn"]
[EventRounds "9"]
[EventCountry "YUG"]
[EventCategory "6"]
[Source "ChessMix"]
[SourceDate "2018.03.10"]

1. Nf3 Nf6 2. c4 g6 3. Nc3 d5 4. cxd5 Nxd5 5. g3 Bg7 6. Bg2 Nb6 7. O-O Nc6 8.
d3 O-O 9. Be3 e5 10. Qd2 Re8 11. Bh6 Bh8 12. Ne4 Nd5 13. Rac1 Nd4 14. Nxd4 exd4
15. Bg5 f6 16. Bh6 c6 17. Rc4 Nb6 18. Rc2 Qe7 19. e3 Be6 20. Nc5 dxe3 21. fxe3
Bf7 22. e4 Rad8 23. Kh1 Nc4 24. Qb4 Nd6 25. d4 b6 26. Nd3 Nxe4 27. Qxe7 Rxe7
28. Nb4 Ree8 29. Nxc6 Rd7 30. b4 b5 31. Bxe4 Rxe4 32. Ne5 Rd8 33. Nxf7 Kxf7 34.
Rc7+ Re7 35. Rc5 a6 36. d5 Red7 37. Rd1 g5 38. h4 Kg6 39. hxg5 Rd6 40. Rf1 Rxd5
41. Rxd5 Rxd5 42. gxf6 Bxf6 43. Bf4 Bc3 44. Rc1 Rd3 45. Kg2 Kf5 46. a3 Bb2 47.
Rc5+ Ke4 48. Rc6 Rxa3 49. Rh6 Bc3 50. Bd6 Kd5 51. g4 Bd2 52. Rf6 Bg5 53. Rf5+
Kxd6 54. Rxg5 Rb3 55. Rh5 Rxb4 56. Kf3 a5 57. Rxh7 a4 58. Ra7 Ke5 59. Re7+ Kd6
60. Ra7 Rb3+ 61. Ke4 Rg3 62. Kf4 Rg1 63. g5 Kc5 64. Kf5 Kb4 65. g6 a3 66. Kf6
Kb3 67. g7 a2 68. Kf7 b4 0-1

[Event "Third Saturday 66 GM"]
[Site "Novi Sad SRB"]
[Date "2018.02.13"]
[Round "4.2"]
[White "Chakravarthi Reddy, M."]
[Black "Yang, Kaiqi"]
[Result "0-1"]
[WhiteElo "2380"]
[BlackElo "2430"]
[PlyCount "88"]
[EventDate "2018.02.11"]
[EventType "tourn"]
[EventRounds "9"]
[EventCountry "YUG"]
[EventCategory "6"]
[Source "ChessMix"]
[SourceDate "2018.03.10"]

1. c4 c5 2. Nc3 Nc6 3. e4 g6 4. f4 Bg7 5. Nf3 d6 6. Be2 Nf6 7. O-O O-O 8. d3 a6
9. Kh1 Rb8 10. a4 Bg4 11. Be3 Bxf3 12. Bxf3 Ne8 13. g4 Nc7 14. Qd2 Nd4 15. Bxd4
Bxd4 16. Ne2 Bg7 17. a5 b5 18. axb6 Rxb6 19. Nc3 Ne6 20. f5 Nd4 21. Bd1 e6 22.
Na4 Rb7 23. Nc3 Rb6 24. Na4 Rc6 25. Rb1 Qh4 26. Qf2 Qh3 27. f6 Bh6 28. Bf3 Bf4
29. Qg2 Qh4 30. e5 Rc7 31. exd6 Bxd6 32. Nc3 Qxf6 33. Bb7 Qh4 34. Bxa6 Ra7 35.
Bb5 f5 36. gxf5 Nxf5 37. Ne4 Be5 38. Rf3 Qe7 39. Qg5 Qc7 40. h4 Kh8 41. h5 gxh5
42. Rg1 Bd4 43. Rff1 Bxg1 44. Rxg1 Qe5 0-1

[Event "Third Saturday 66 GM"]
[Site "Novi Sad SRB"]
[Date "2018.02.14"]
[Round "5.4"]
[White "Yang, Kaiqi"]
[Black "Gajic, Mladen"]
[Result "1-0"]
[WhiteElo "2430"]
[BlackElo "2362"]
[PlyCount "107"]
[EventDate "2018.02.11"]
[EventType "tourn"]
[EventRounds "9"]
[EventCountry "YUG"]
[EventCategory "6"]
[Source "ChessMix"]
[SourceDate "2018.03.10"]

1. Nf3 e6 2. g3 b6 3. Bg2 Bb7 4. c4 g6 5. Nc3 Bg7 6. d4 Nf6 7. Qc2 O-O 8. O-O
a6 9. e4 d5 10. cxd5 exd5 11. e5 Ne4 12. Nxe4 dxe4 13. Ng5 Nc6 14. Qxe4 Rb8 15.
e6 Qxd4 16. exf7+ Kh8 17. Bf4 Qxe4 18. Bxe4 h6 19. Ne6 Rxf7 20. Rad1 Re7 21.
Bxc6 Bxc6 22. Nxc7 Rc8 23. Rfe1 Rcxc7 24. Bxc7 Rxc7 25. b3 b5 26. Rc1 b4 27.
Rc5 Bf8 28. Rc4 Bg7 29. Re6 Bd7 30. Rxg6 Rb7 31. Rxa6 Kh7 32. Rd6 Bb5 33. Rxb4
Bf8 34. Rdd4 Bc5 35. Re4 Bxb4 36. Rxb4 Bc6 37. Rxb7+ Bxb7 38. f4 Bd5 39. Kf2
Kg6 40. Ke3 Kf5 41. Kd4 Bf7 42. b4 Bxa2 43. b5 Bb1 44. b6 Be4 45. Kc5 h5 46.
Kd6 h4 47. Kc7 Kg4 48. b7 Bxb7 49. Kxb7 h3 50. Kc7 Kf3 51. f5 Kg2 52. f6 Kxh2
53. f7 Kxg3 54. f8=Q 1-0